000
00284nam a22001217a 4500
008
160518b xxu||||| |||| 00| 0 eng d
020
_a
9780803601574
020
_a
0803601573
041
_a
eng
080
_a
618.2
245
_a
Nursing care plans:
_c
Joseph T. Burley:
942
_2
udc
_c
BK
999
_c
2182
_d
2182